01677nam a22002417a 4500003000900000008004100009040007100050082004500121110005500166245006800221260003300289300002900322440006400351505079000415650002101205650002001226650002101246650002701267700002901294700002801323700002901351710005501380AR-CdUCM190425b ||||| |||| 00| 0 spa d aMUNICIPALIDAD PROVINCIAL DEL CUSCOcBIBLIOTECA MUNICIPAL DEL CUSCO aRev.Univ/N°78/1940bRev.Univ/N°78/1940 aUniversidad Nacional de San Antonio Abad del Cusco aRevista Universitaria :bÓrgano de la Universidad del Cuzco / aCusco :bH. G. Rozas,c1940. a202 páginas. :c20 cm. aRevista UniversitarianAño XXIX, 1° semestre 1940, N°78 aContenido: El proceso cultural del Perú. Alfredo Yépez Miranda. -- De la mentira y de los espejismos en la historia. Arturo Capdevilla. -- El tesoro de Pumakahua. Jorge Cornejo Bouroncle. -- El Folklore peruano. Alfredo Yépez Miranda. -- La anotación de las demandas en los registros públicos. Cesar A. Muñiz. -- El problema del indio y el indigenismo. Humberto Vidal. -- Folklore peruano, la chichería cuzqueña, síntesis social de Psicología India. Julio Luna P. -- Primer congreso indigenista Interamericano. -- Sobre César Vallejo. José Gabriel Cosío. -- El folklore en los planes de estudio de las universidades de EE.UU de América. Ralph Steel Boggs. -- Naymlap el Rey Dios. Jorge Cornejo Bouroncle. -- Folklore musical peruano. Abraham Vizcarra Rozas. aFolclore peruano aCésar Vallejo aMúsica peruana aChichería cusqueña aYépez Miranda, Alfredo aCosío, José Gabriel aCornejo Bouroncle, Jorge aUniversidad Nacional de San Antonio Abad del Cusco